000 00491nam a22001817a 4500
003 CEME
005 20210628210738.0
008 210212b xxu||||| |||| 00| 0 eng d
020 _a0-19-856439-2
040 _c.
082 _a621.462 NOV
100 _aNovotny, D.W Lipo, T.A
_980815
245 _aVector control and dynamics of ac drives
260 _aOXFORD
_bCLARENDON PRESS
_c1996
300 _aXIII,440P
650 _aVECTOR CONTROL DYNAMICS OF AC DRIVES
_980816
942 _cBK
_2ddc
999 _c585684
_d585684